<?xml version="1.0" encoding="UTF-8"?>
<record
    xmlns:xsi="http://www.w3.org/2001/XMLSchema-instance"
    xsi:schemaLocation="http://www.loc.gov/MARC21/slim http://www.loc.gov/standards/marcxml/schema/MARC21slim.xsd"
    xmlns="http://www.loc.gov/MARC21/slim">

  <leader>02454nam a22002537a 4500</leader>
  <controlfield tag="005">20240305165642.0</controlfield>
  <controlfield tag="007">cr||||   |||| </controlfield>
  <controlfield tag="008">220920s2022    es |||||s|||| 00||0 spa d</controlfield>
  <datafield tag="020" ind1=" " ind2=" ">
    <subfield code="a">978-84-1122-349-2</subfield>
  </datafield>
  <datafield tag="035" ind1=" " ind2=" ">
    <subfield code="a">37096</subfield>
  </datafield>
  <datafield tag="040" ind1=" " ind2=" ">
    <subfield code="a">vLex</subfield>
  </datafield>
  <datafield tag="090" ind1=" " ind2=" ">
    <subfield code="c">13969</subfield>
    <subfield code="d">13969</subfield>
  </datafield>
  <datafield tag="100" ind1="1" ind2=" ">
    <subfield code="a">Magari&#xF1;os Blanco, Victorio</subfield>
  </datafield>
  <datafield tag="245" ind1="1" ind2="0">
    <subfield code="a"> Libertad para ordenar la sucesi&#xF3;n</subfield>
    <subfield code="h">[Recurso electr&#xF3;nico] :</subfield>
    <subfield code="b">Libertad de testar /</subfield>
    <subfield code="c">Victorio Magari&#xF1;os Blanco</subfield>
  </datafield>
  <datafield tag="256" ind1=" " ind2=" ">
    <subfield code="a">Servicio en l&#xED;nea</subfield>
  </datafield>
  <datafield tag="260" ind1=" " ind2=" ">
    <subfield code="a">Madrid:</subfield>
    <subfield code="b">Dykinson,</subfield>
    <subfield code="c">2022</subfield>
  </datafield>
  <datafield tag="300" ind1=" " ind2=" ">
    <subfield code="a">1 recurso electr&#xF3;nico</subfield>
  </datafield>
  <datafield tag="500" ind1=" " ind2=" ">
    <subfield code="a">El libro es una defensa de la libertad para que una persona pueda ordenar su sucesi&#xF3;n sin la limitaci&#xF3;n de las leg&#xED;timas. Que, como reliquias del pasado, perduran sin fundamento s&#xF3;lido en sistemas sucesorios todav&#xED;a vigentes. El autor analiza las razones hist&#xF3;ricas que han podido propulsar tal limitaci&#xF3;n, las que se esgrimieron para mantenerla y la tendencia legislativa actual favorable a su reducci&#xF3;n. Reflexiona sobre los argumentos que utiliza hoy la doctrina; la cual, a pesar de reconocer, de manera casi un&#xE1;nime, la necesidad de reducir la extensi&#xF3;n de las leg&#xED;timas, se resiste, de manera inercial, a su supresi&#xF3;n. Trata de poner al descubierto la inconsistencia de las leg&#xED;timas considerando que suponen una limitaci&#xF3;n sobrea&#xF1;adida a la obligaci&#xF3;n natural derivada de la procreaci&#xF3;n, sin m&#xE1;s fundamento que el parentesco, al margen de la necesidad de protecci&#xF3;n. Y que el verdadero Derecho no puede conceder, sin m&#xE1;s, a una persona la facultad de enriquecerse a costa de otra en contra de la voluntad de &#xE9;sta. Propone como soluci&#xF3;n justa la libertad para ordenar la sucesi&#xF3;n, con el complemento de un derecho de asistencia a las personas que por responsabilidad derivada de la procreaci&#xF3;n o convivencia est&#xE9;n en situaci&#xF3;n de necesidad que exija protecci&#xF3;n. Y, por tanto, la supresi&#xF3;n de la leg&#xED;tima. Tambi&#xE9;n la del impuesto sobre sucesiones, que incide de modo crucial sobre la libertad de testar.</subfield>
  </datafield>
  <datafield tag="506" ind1="1" ind2=" ">
    <subfield code="a">Disponible solo en los productos indicados</subfield>
    <subfield code="d">vLex Global</subfield>
    <subfield code="d">vLex Global (Academic Edition, excluding Law Schools)</subfield>
    <subfield code="d">vLex Global (U.S. Academic Edition, Law Schools)</subfield>
    <subfield code="d">vLex Global (U.S. Academic Edition, excluding Law Schools)</subfield>
    <subfield code="d">vLex Global (Academic Edition, Law Schools)</subfield>
  </datafield>
  <datafield tag="650" ind1="0" ind2="4">
    <subfield code="a">Sucesiones</subfield>
    <subfield code="z">Espa&#xF1;a</subfield>
  </datafield>
  <datafield tag="740" ind1="0" ind2=" ">
    <subfield code="a">vLex Libros (Servicio en l&#xED;nea)</subfield>
  </datafield>
  <datafield tag="856" ind1="4" ind2="0">
    <subfield code="u">https://app.vlex.com/#/sources/37096</subfield>
  </datafield>
  <datafield tag="942" ind1=" " ind2=" ">
    <subfield code="c">RAA</subfield>
  </datafield>
  <datafield tag="952" ind1=" " ind2=" ">
    <subfield code="0">0</subfield>
    <subfield code="1">0</subfield>
    <subfield code="4">0</subfield>
    <subfield code="7">0</subfield>
    <subfield code="8">VLEX</subfield>
    <subfield code="9">330125</subfield>
    <subfield code="a">BD-UIN</subfield>
    <subfield code="b">BD-UIN</subfield>
    <subfield code="d">2024-03-05</subfield>
    <subfield code="l">0</subfield>
    <subfield code="p">37096</subfield>
    <subfield code="r">2024-03-05</subfield>
    <subfield code="w">2024-03-05</subfield>
    <subfield code="y">RAA</subfield>
  </datafield>
  <datafield tag="999" ind1=" " ind2=" ">
    <subfield code="c">172205</subfield>
    <subfield code="d">172205</subfield>
  </datafield>
</record>
